Statistics for Title in the Lyrics -- Songs That Start With R

Click here to take the quiz!

General Stats

  • This quiz has been taken 471 times
  • The average score is 8 of 15

Answer Stats

Lyrics Title % Correct
I got the eye of the tiger, a fighter, dancing through the fire / 'Cause I am a champion and you’re gonna hear me ____Roar
96%
Why you gotta be so ____? / Don't you know I'm human too? / Why you gotta be so ____? / I'm gonna marry her anywayRude
91%
They tried to make me go to _____ but I said, "No, no, no."Rehab
82%
And we'll never be ______ (______) / It don't run in our blood / That kind of luxe just ain't for us / We crave a different kind of buzzRoyals
78%
We could have had it all / _______ __ ___ ____ / You had my heart inside of your hand / And you played it, to the beatRolling in the Deep
75%
I fell into a burning ____ __ ____ / I went down, down, down as the flames went higherRing of Fire
70%
_______ / You don't have to put on the red lightRoxanne
66%
Welcome to the new age, to the new age / Welcome to the new age, to the new age / Whoa, oh, oh, oh, oh, whoa, oh, oh, oh, I'm ___________, ___________Radioactive
64%
And I think it's gonna be a long, long time / 'Til touch down, brings me round again to find / I'm not the man they think I am at home / Oh no, no, no, I'm a ______ ___Rocket Man
46%
You say you want a __________ / Well, you know / We all want to change the worldRevolution
35%
So _____ ____ _____ if you are wrong / In all the right ways, all my underdogsRaise Your Glass
31%
___ ____ ___, I fill you up / Let's have a party, let's have a partyRed Solo Cup
24%
I'm beginning to feel like a ___ ___, ___ ___ / All my people from the front to the back nod, back nodRap God
21%
Goodbye, ____ _______ / Who could hang a name on you? / When you change with every new day / Still I'm gonna miss youRuby Tuesday
19%
More days to come, new places to go / I've got to leave, it's time for a show / Here I am / ____ ___ ____ _ _________ / Here I am / ____ ___ ____ _ _________Rock You Like a Hurricane
17%

Score Distribution

Percentile by Number Answered

Percent of People with Each Score

Your Score History

You have not taken this quiz